LEADER 01101nam a2200289 u 4500 001 000000058784 003 CaOOAMICUS 005 20070226120729.0 008 010613s1991 it u000 u ita u 020 $a8842038334 035 $a10892493 040 $aPUL(R)$bita 100 1 $aRavera, Marco,$d1949-$0(OLS)http://pul/name/34512 245 10$aIntroduzione al Tradizionalismo francese /$cdi Marco Ravera. 260 $aRoma :$bLaterza,$cc1991. 300 $a159 p. ;$c18 cm 490 1 $aI filosofi ;$v54 504 $aContiene bibliografia. 650 4$aTradizione (teologia).$0(OLS)http://pul/subject/5642 830 2$aI filosofi (Laterza) ;$v54.$0(OLS)http://pul/title/7858 850 $aPUL 852 $aPUL$W1$xSL Filosofia 1$y2$m81 M 32$j76742$nBK-PRI$b $qStampati$B76742$CPULBib$Z2$F76742 $H $81 941 1 $a8 961 $aINV: 73320 996 $6020$a8842038334$9(OLS)http://pul/number/74621 996 $6245$aIntroduzione al Tradizionalismo francese$9(OLS)http://pul/title/78758 996 $6260$aRoma :$bLaterza$9(OLS)http://pul/publisher/47864 LEADER 00973nam a2200241 u 4500 001 000000011274 003 CaOOAMICUS 005 20070226105416.0 008 940712s1946 fr u000 u fre u 035 $a10276997 040 $aPUL(R)$bita 100 1 $aCerfaux, Lucien,$csac.,$d1883-1968.$0(OLS)http://pul/name/10791 245 12$aL'Eglise des Corinthiens /$cLucien Cerfaux. 260 $aParis :$bLes Éditions du Cerf,$c1946. 300 $a116 p. ;$c19 cm 490 1 $aTémoins de Dieu ;$v7 630 04$aBiblia.$pN.T.$pAd Corinthios I-II.$0(OLS)http://pul/subject/8672 830 0$aTémoins de Dieu ;$v7.$0(OLS)http://pul/title/16358 850 $aPUL 852 $aPUL$W1$xDP1 Fondo Cecchetti$y53$m265 I 10$j15971$nBK-PRI$b $qFondi$B15971$CPULBib$Z2$F15971 $HPUL1339 $81 941 1 $a1 996 $6245$aL'Eglise des Corinthiens$9(OLS)http://pul/title/16357 996 $6260$aParis :$bLes Éditions du Cerf$9(OLS)http://pul/publisher/47861